| 000 | 00409cam a2200169ua 4500 | ||
|---|---|---|---|
| 020 | _c8.00 | ||
| 041 |
_amal _h |
||
| 082 |
_a291.175 _bNAM/SA |
||
| 100 | _aNambudiri, K.R . | ||
| 245 |
_aSoundaryalahari / _cK.R.Nambudiri. _hTextual Documents |
||
| 260 |
_aThrissur : _bMangalodhayam pvt ltd , _c1962. |
||
| 300 | _a430 ; . | ||
| 365 | _a8.00 | ||
| 504 | _a | ||
| 942 | _cBK | ||
| 999 |
_c12238 _d12238 |
||